Revista de la Comisión Internacional de Juristas : invierno 1959 : primavera-verano 1960 : vol. II, núm. 2 /

La revista, el boletín y la gacetilla de la Comisión Internacional de Juristas fueron medios difusores de las actividades y observaciones de esta organización no gubernamental. Reconocida como entidad consultiva del Consejo Económico y Social de las Nacionales Unidas, se ha dedicado a la defensa de...

সম্পূর্ণ বিবরণ

সংরক্ষণ করুন:
গ্রন্থ-পঞ্জীর বিবরন
সংস্থা লেখক: Comisión Internacional de Juristas
অন্যান্য লেখক: Marsh, Norman S (dirección) (dirección), Lalive, Jean-Flavien (dirección) (dirección)
বিন্যাস: গ্রন্থ
ভাষা:স্প্যানিশ
মালা:(Revista de la Comisión Internacional de Juristas. Primera Epoca ; 2-2
বিষয়গুলি:
ট্যাগগুলো: ট্যাগ যুক্ত করুন
কোনো ট্যাগ নেই, প্রথমজন হিসাবে ট্যাগ করুন!

MARC

LEADER 00000nam^a2200000^a^4500
001 000363163
005 20250526000000.0
009 20260310115541.087
025 |a Donación Ignacio González Luna, 1 ejemplar 
037 |a Acervo ITESO - Biblioteca 
041 |a ESP 
082 |a 341. 05  |b COM REV S. 1 V. 2 T. 2 
110 |a Comisión Internacional de Juristas 
240 1 1 |a [Revista de la Comisión Internacional de Juristas] 
245 1 0 |a Revista de la Comisión Internacional de Juristas :  |b invierno 1959 : primavera-verano 1960 : vol. II, núm. 2 /  |c Comisión Internacional de Juristas ; Dir. N.S. Marsh, J.F. Lalive. 
264 |a Ginebra, Suiza :  |b Comisión Internacional de Juristas,  |c 1960 
300 |a 281 p. +  |e 1 folleto (4 p.) ;  |c 24.0 cm. 
336 |a texto  |b txt  |2 rdacontenido 
337 |a sin mediación  |b n  |2 rdamedio 
338 |a volumen  |b nc  |2 rdasoporte 
440 1 |a (Revista de la Comisión Internacional de Juristas.  |p Primera Epoca ;  |v 2-2 
520 |a La revista, el boletín y la gacetilla de la Comisión Internacional de Juristas fueron medios difusores de las actividades y observaciones de esta organización no gubernamental. Reconocida como entidad consultiva del Consejo Económico y Social de las Nacionales Unidas, se ha dedicado a la defensa de la justicia y al fomento de los derechos humanos y el estado de derecho alrededor del mundo. La revista comenzó su distribución en 1957 y se publicó de manera semestral tanto en español, alemán, francés e inglés durante una década. En ella se exponían análisis, reportes de investigación, reseñas y ensayos relativos a la administración de la justicia y la comprensión de los diversos sistemas jurídicos de todo el mundo. El boletín, por su parte, se publicó durante catorce años a partir de 1954 y en él se analizaron aspectos que guarda el estado del derecho en países específicos. La gacetilla informaba de noticias, nombramientos y seminarios concernientes al derecho internacional. 
649 |a XX 
650 |a Abogados -  |z Medio Oriente 
650 |a Ombudsman -  |x Noruega 
650 |a Libros -  |x Reseñas 
650 |a Libertad de Expresión -  |z India 
650 |a Libertad de Expresión 
650 |a Libertad -  |z Nigeria 
650 |a Constitución -  |z India 
650 |a Constitución -  |z Nigeria 
650 |a Democracia -  |z Japón 
650 |a Sistema Político -  |z Japón 
650 |a Prisión Preventiva -  |z India 
650 |a Pena de Prisión -  |z India 
650 |a Penas Privativas de Libertad -  |z India 
650 |a Pena (Derecho) -  |z India 
650 |a Poder Ejecutivo -  |z Rusia 
650 |a Poder Judicial -  |z Europa Oriental 
650 |a Poder Judicial -  |z Africa 
650 |a Poder Judicial -  |z Medio Oriente 
650 |a Poder Judicial -  |z Japón 
650 |a Práctica Parlamentaria -  |z Noruega 
650 |a Investigación Jurídica -  |z India 
650 |a Derechos Civiles -  |z Nigeria 
650 |a Derechos Humanos -  |z Nigeria 
650 |a Derechos Humanos 
650 |a Derecho Parlamentario -  |z Noruega 
650 |a Derecho Procesal Penal 
650 |a Derecho Público -  |z India 
650 |a Derecho Constitucional 
650 |a Derecho Internacional Público  |x Publicaciones Periódicas Suizas -  |x Tema Principal 
650 |a Derecho Internacional 
650 |a Derecho -  |z Medio Oriente 
650 |a Publicaciones Periódicas Suizas 
650 |a India -  |x Historia -  |y Jawaharlal Nehru, 1947-1964 
740 0 |a Revista de la Comisión Internacional de Juristas :  |b índice : volumen II, núms. 1 y 2 : primavera-verano de 1959 : invierno de 1959 : primavera-verano de 1960 / 
700 |a Marsh, Norman S  |e (dirección) 
700 |a Lalive, Jean-Flavien  |e (dirección) 
910 |a Fondo Ignacio González Luna Morfín 
920 |a Impresos - Libros 
930 |a Libros Antiguos y Raros 
905 |a 108 
901 |a 0500256513  |b IT2  |c LRA  |i D74320  |u 20250526 
901 |a 0500256510  |b IT2  |c LRA  |i D74320  |u 20250526 
902 |a https://opac.biblio.iteso.mx/vufind/Record/000363163